logo

Bir Sreshtho Munshi Abdur Rouf Library
Jhenaidah Cadet College

Defense facts of life / (Record no. 4778)

MARC details
000 -LEADER
fixed length control field 00700nam a22002537a 4500
001 - CONTROL NUMBER
JCCL Control Number 4778
003 - CONTROL NUMBER IDENTIFIER
JCCL marc code BD-JhCC
005 - DATE AND TIME OF LATEST TRANSACTION
control field 20190418134017.0
008 - FIXED-LENGTH DATA ELEMENTS--GENERAL INFORMATION
fixed length control field 171203b xxu||||| |||| 00| 0 eng d
020 ## - INTERNATIONAL STANDARD BOOK NUMBER
International Standard Book Number 0865317194
020 ## - INTERNATIONAL STANDARD BOOK NUMBER
International Standard Book Number 0865317186
035 ## - SYSTEM CONTROL NUMBER
system control number (BD-JhCC) 4778
040 ## - CATALOGING SOURCE
Original cataloging agency BD-JhCC
Modifying agency BD-JhCC
041 ## - LANGUAGE CODE
Language code of Book eng
082 ## - DEWEY DECIMAL CLASSIFICATION NUMBER
Classification number 355.033573
Author mark and Year SPI 1985
100 ## - MAIN ENTRY--PERSONAL NAME
Personal name Spinney,Franklin C.
245 ## - TITLE STATEMENT
Title Defense facts of life /
Statement of responsibility, etc Franklin C.Spinney
260 ## - PUBLICATION, DISTRIBUTION, ETC. (IMPRINT)
Place of publication, distribution, etc London :
Name of publisher, distributor, etc Westview press ,
Date of publication, distribution, etc 1985
300 ## - PHYSICAL DESCRIPTION
Pagination 260 p .:
Dimensions 23 cm .
650 ## - SUBJECT ADDED ENTRY--TOPICAL TERM
Topical term or geographic name as entry element Military policy
Geographic subdivision United State
651 ## - SUBJECT ADDED ENTRY--GEOGRAPHIC NAME
Geographic name United States
Form subdivision Appropriations and expenditures
General subdivision Armed Forces
942 ## - ADDED ENTRY ELEMENTS (KOHA)
Source of classification or shelving scheme Dewey Decimal Classification
Koha item type Books
Koha issues (borrowed), all copies 1
Holdings
Source of classification or shelving scheme Damaged status Not for loan Home library Current library Shelving location Date of accession Total Checkouts Full call number Barcode Date last seen Date checked out Copy number Koha item type
Dewey Decimal Classification     JCC Rouf Library JCC Rouf Library General Stacks 12/03/2017 1 355.033573 SPI 1985 6734 05/01/2019 04/17/2019 C-1 Books

JCC Library | Contacts | JCC Home

Last Update on 23 September 2017
Copyright @ 2017-2020 JCC Rouf Library
Rouf Library, Jhenidah Cadet College (JCC), Bangladesh